000 00484nam a2200157 a 4500
005 20140412111240.0
008 010503s19uu xx 00 eng d
020 _a0-307-06034-9
050 _aTR(PS E
_bSo1 1994
100 _aMargulies, Teddy Slater
245 _aSooo big! /
_cby Teddy Slater Margulies; illustrated by Jan Palmer.
260 _aU. S. A :
_bWestern Publishing Company, Inc,
_c1994.
300 _a1v. (unp.) ; ill.
650 _aChildren's stories
999 _c102680
_d102680